000 01028nam a2200289Ia 4500
003 OSt
005 20221005022722.0
006 a|||||r|||| 00| 0
007 ta
008 221004b |||||||| |||| 00| 0 eng d
020 _a978 90 272 5270 8 (hbk)
_c7517.35
024 _a14734
037 _b11659, 11/09/2014, Elite Publishers Distributors
_cTextual
040 _aCRL
_cCRL
_beng
041 _2eng
_aeng
082 _aP9792:3, Q4
100 _aBuchstaller Isabelle Ed.
_9578524
245 0 _aPidgins and creoles beyond Africa - Europe encounters
260 _aAmsterdam
_bJohn Benjamins Publishing com. The Netherlands
_c2014
300 _a178p.
_ccm.
490 _aCreole language library (CLL)
650 _aLINGUISTICS
700 _a Almoaily Mohammad Ed.
_9578525
700 _a Holmberg Anders Ed.
_9578526
942 _hP9792:3, Q4
_cTEXL
_2cc
999 _c929914
_d929914